Mucho más allá (Frozen 2) - Estadísticas

Estadísticas generales
  • Esta prueba ha sido intentada 11 veces
  • La puntuación promedio es 131 de 188
Estadísticas de respuestas
Respuesta % Correcto
a
100%
más
100%
mucho
100%
allá
91%
allá?
91%
y
91%
de
82%
déjalo
82%
es
82%
fueran
82%
hay
82%
igual
82%
ir
82%
mi
82%
82%
mil
82%
no
82%
o
82%
oigo
82%
oírte
82%
ojalá
82%
oyera
82%
para
82%
puedo
82%
que
82%
razones
82%
se
82%
seguir
82%
su
82%
susurros
82%
te
82%
tú?
82%
tus
82%
ya
82%
adiós
73%
ah
73%
aquel
73%
arriesga
73%
aunque
73%
en
73%
escuchar
73%
este
73%
habla
73%
hablar
73%
he
73%
interior
73%
lugar
73%
oh
73%
pero
73%
quien
73%
todo
73%
un
73%
una
73%
voz
73%
yo
73%
ahí
64%
aventura
64%
está
64%
has
64%
miedo
64%
ni
64%
querido
64%
sirena
64%
tengo
64%
venido
64%
viví
64%
voy
64%
arriesgarme
55%
dormir
55%
me
55%
algo
45%
aquí
45%
confundir
45%
dejas
45%
distraerme
45%
eres
45%
perdóname
45%
quedó
45%
quieras
45%
quiere
45%
ruido
45%
enseñarme
36%
quieres
36%
seguirte
36%
tal
36%
ahora
27%
alguien
27%
arroparme
27%
cada
27%
conocerme
27%
crece
27%
día
27%
difícil
27%
dónde
27%
muy
27%
parecido
27%
poder
27%
puedes
27%
seas
27%
según
27%
vez
27%
atrás
18%
dejes
18%
¿qué
18%
sabe
18%
sigo
18%
vas?
18%
¿a
9%
¿cómo
9%
ti
9%
No se encontraron pruebas coincidentes
Distribución de puntuación
Porcentaje de gente con cada puntuación
Porcentaje por número respondido
Historial de tus puntuaciones
No has intentado esta prueba.